00955nam a22001817a 4500003000900000008004100009040007100050082001700121100001700138245003700155260005400192300004700246505039900293650002200692650001400714650001700728700002800745AR-CdUCM190409b ||||| |||| 00| 0 spa d aMUNICIPALIDAD PROVINCIAL DEL CUSCOcBIBLIOTECA MUNICIPAL DEL CUSCO a848.4 /bV53 aVerne, Jules aObras completas de Julio Verne / aMéxico D.F :bEd. del Valle de México,c1965. a10 tomos ;bMapas, ilustraciones ,c23 cm. aContenido :t.1: El secretos de Wilhelm Storitz --t.2: Cinco semanas en globo --t.3: Los descubrimientos del Globo- Historia de los grandes viajes y de los grandes viajeros --t..4: Viaje al centro de la tierra --t.5: Dueño del mundo --t.6: El capitan atreras --t.7: Maravillosas Aventuras de Antifer --t.8: Un capitán de quince años --t.9: El doctor ox --t.10: La agencvia Thompson y Cia / aNovelas francesas aSiglo XIX aAdaptaciones aRomero, Manuel (editor)